| 000 | 00629nam a2200241 a 4500 | ||
|---|---|---|---|
| 001 | nice12345678 | ||
| 003 | IN_TiNIC | ||
| 005 | 20260116015236.0 | ||
| 008 | 050524s1999 dela grp 000 0 eng | ||
| 020 |
_a _c25 |
||
| 082 | 0 | 0 |
_a303.11095 _bPAN |
| 100 | _aPanchnad Research Institute, | ||
| 245 | _aTrue Story of the Dangs | ||
| 260 |
_aDelhi _bPanchnad Research Institute _c1999 |
||
| 300 | _a54p | ||
| 500 | _aincludes index and biblioraphy | ||
| 505 | 2 | _adialogue Nov, 1-7,1991. | |
| 650 | _aCommunalism-India | ||
| 700 | 1 | _aPanchnad Research Institute, | |
| 902 | _bSRS | ||
| 942 | _cBK | ||
| 999 |
_c18882 _d18882 |
||